000 00440nam a22001457a 4500
020 _a0333352920
082 _a624.171
_bTEB
_cL-20, P-138
245 _aMethods of Structural Analysis
260 _aThe Macmillan Press Ltd London
_bMacmillan Press Ltd
_c1983
300 _aix, 201. p :
_bill.
_c23cm
526 _a0
_b0
_c0
_d624_171000000000000_TEB
650 _aMCE
_9379
650 _aMethods of Structural Analysis
_942745
942 _2ddc
_cBK
999 _c546593
_d546593